=LDR 00000nam 2200000 4500 =001 INLIS000000000031500 =005 20240508104819 =035 ##$$a 0010-061300000031500 =008 240508###########################0#ind## =041 ##$$a ind =082 ##$$a 028.55 =090 ##$$a 028.55, Bow, p =100 ##$$a BOWO =245 1#$$a Penemuan Dinamit /$c Bowo,Donny =250 ##$$a Seri Penemuan =260 ##$$a Jakarta :$b Elex Media Komputindo,$c 2008 =300 ##$$a 28 hlm : $b Ilus ; $c 23 cm =650 #4$$a BACAAN ANAK-ANAK =710 #$$a DONNY =850 ##$$a NBPNMAT =020 ##$$a 978-979-27-2093-8 =084 ##$$a 028.55 BOW p =990 ##$$a 10351035 =990 ##$$a 20904241 =990 ##$$a 20904241